Statistiques concernant Pokémon groupe d'Œuf-Aquatique 2

Cliquez ici pour prendre le quiz!

Statistiques générales

  • Ce quiz a été pris 8 fois
  • Le résultat moyen est 25 sur 34

Statistiques - réponses

Deuxième
Groupe d'Œuf
Pokémon% Correct
DraconiqueLéviator
100%
Lovdisc
100%
DraconiqueMagicarpe
100%
Aquatique 1Octillery
100%
Poissirène
100%
Poissoroy
100%
Aquatique 1Relicanth
100%
Aquatique 1Rémoraid
100%
Barbicha
75%
Bargantua
75%
Barloche
75%
Carvanha
75%
Délestin
75%
Denticrisse
75%
Écayon
75%
Embrochet
75%
Hastacuda
75%
Lanturn
75%
Loupio
75%
Luminéon
75%
Aquatique 1Mamanbo
75%
Nigirigon
75%
Oyacata
75%
Paragruel
75%
Sharpedo
75%
TerrestreWailmer
75%
TerrestreWailord
75%
TerrestreDofin
50%
Froussardine
50%
Qwilfish
50%
TerrestreSuperdofin
50%
Qwilpik
25%
Aquatique 1Sepiatop
25%
Aquatique 1Sepiatroce
25%

Distribution des résultats

Percentile par nombre de réponses

% des personnes avec chaque résultat

Votre développement - résultats

Vous n’avez pas pris ce quiz